[Event "RSA-ch U14 Girls"]
[Site "Bloemfontein"]
[Date "2016.03.24"]
[Round "9"]
[White "Viljoen, Anja"]
[Black "Wildschut, Anneline"]
[Result "1-0"]
[WhiteElo "1118"]
[BlackElo "770"]
[PlyCount "59"]
[EventDate "2016.03.20"]
[EventType "swiss"]
[EventRounds "11"]
[EventCountry "RSA"]
[SourceTitle "CBM 171 Extra"]
[Source "ChessBase"]
[SourceDate "2016.04.26"]
[SourceVersion "1"]
[SourceVersionDate "2016.04.26"]
[SourceQuality "1"]

1. e4 e5 2. Nf3 Nc6 3. d4 f6 4. d5 Nb8 5. Nc3 c6 6. Bc4 Na6 7. Be3 Nb4 8. h3 Na6 9. Qd2 Nc5 10. b4 Ne6 11. dxe6 dxe6 12. Qxd8+ Kxd8 13. Rd1+ Ke8 14. g4 h6 15. h4 a5 16. b5 c5 17. Ke2 b6 18. Na4 Rb8 19. g5 h5 20. gxf6 Nxf6 21. Nxe5 Rg8 22. Nc6 Ra8 23. Nxb6 Bb7 24. Nxa8 Bxa8 25. Rd8+ Kf7 26. Rxa8 Nxe4 27. Bd3 Nc3+ 28. Kd2 Na4 29. Ra7+ Kf6 30. Bg5# 1-0

[Event "RSA-ch U14 Girls"]
[Site "Bloemfontein"]
[Date "2016.03.21"]
[Round "3"]
[White "Viljoen, Anja"]
[Black "Gardiner, Noa Saxon"]
[Result "1-0"]
[WhiteElo "1118"]
[BlackElo "1262"]
[PlyCount "33"]
[EventDate "2016.03.20"]
[EventType "swiss"]
[EventRounds "11"]
[EventCountry "RSA"]
[SourceTitle "CBM 171 Extra"]
[Source "ChessBase"]
[SourceDate "2016.04.26"]
[SourceVersion "1"]
[SourceVersionDate "2016.04.26"]
[SourceQuality "1"]

1. e4 e5 2. Nf3 Nc6 3. d4 exd4 4. Bc4 Bc5 5. c3 Nf6 6. 0-0 dxc3 7. Nxc3 d6 8. Bg5 Bg4 9. Nd5 Nd4 10. Re1 0-0 11. e5 dxe5 12. Rxe5 Nxf3+ 13. gxf3 Bd6 14. Re3 Bh3 15. Qd4 g6 16. f4 Bc8 17. Nxf6+ 1-0

[Event "RSA-ch U14 Girls"]
[Site "Waterkloof"]
[Date "2015.04.07"]
[Round "6"]
[White "Viljoen, Anja"]
[Black "Van der Walt, Marelize"]
[Result "0-1"]
[WhiteElo "1055"]
[BlackElo "1155"]
[PlyCount "98"]
[EventDate "2015.04.04"]
[EventType "swiss"]
[EventRounds "9"]
[EventCountry "RSA"]
[SourceTitle "CBM 166 Extra"]
[Source "ChessBase"]
[SourceDate "2015.06.18"]
[SourceVersion "1"]
[SourceVersionDate "2015.06.18"]
[SourceQuality "1"]

1. d4 d5 2. c4 e6 3. Nc3 Nf6 4. Nf3 Bb4 5. Bg5 h6 6. Bxf6 Qxf6 7. e3 c5 8. cxd5 exd5 9. Qb3 Be6 10. a3 Bxc3+ 11. bxc3 0-0 12. Qxb7 Nd7 13. Qa6 c4 14. Be2 Qg6 15. 0-0 Rab8 16. Qxa7 Bh3 17. Nh4 Qg5 18. g3 Bxf1 19. Bxf1 Nf6 20. Bh3 Ne4 21. Qd7 Nxc3 22. Nf5 Rb1+ 23. Rxb1 Nxb1 24. a4 c3 25. Ne7+ Kh8 26. Nxd5 Rd8 27. Qf5 Qxf5 28. Bxf5 Na3 29. Nxc3 Nc4 30. Kf1 Ra8 31. Be4 Nd2+ 32. Ke2 Nxe4 33. Nxe4 Rxa4 34. Kf3 Kh7 35. h4 h5 36. Ng5+ Kg6 37. d5 Ra8 38. e4 Kf6 39. Kf4 Re8 40. d6 g6 41. f3 Kg7 42. e5 f6 43. exf6+ Kxf6 44. Ne4+ Kf7 45. Nc5 Rd8 46. Ke5 Re8+ 47. Kd5 Rd8 48. Nb7 Rd7 49. Kc6 Ke8 0-1

[Event "RSA-ch U14 Girls"]
[Site "Waterkloof"]
[Date "2015.04.04"]
[Round "2"]
[White "Dinham, Megan"]
[Black "Viljoen, Anja"]
[Result "1-0"]
[WhiteElo "1144"]
[BlackElo "1055"]
[PlyCount "121"]
[EventDate "2015.04.04"]
[EventType "swiss"]
[EventRounds "9"]
[EventCountry "RSA"]
[SourceTitle "CBM 166 Extra"]
[Source "ChessBase"]
[SourceDate "2015.06.18"]
[SourceVersion "1"]
[SourceVersionDate "2015.06.18"]
[SourceQuality "1"]

1. e4 e6 2. d4 d5 3. e5 c5 4. c3 Nc6 5. Nf3 Nge7 6. Bb5 c4 7. 0-0 a6 8. Ba4 g6 9. Bg5 Bd7 10. Nbd2 Bg7 11. Re1 0-0 12. Bc2 Qb6 13. Rb1 Nf5 14. Nh4 Bh6 15. Bf6 Nce7 16. Nxf5 Nxf5 17. Nf3 Bg7 18. Bg5 f6 19. exf6 Bxf6 20. Bxf6 Rxf6 21. Qd2 Qc7 22. Bxf5 Rxf5 23. Qh6 Rh5 24. Qe3 Rf8 25. h3 e5 26. dxe5 Bf5 27. Rbd1 Be4 28. Nh2 Qxe5 29. f3 Bc2 30. Qxe5 Rxe5 31. Rxe5 Bxd1 32. Rxd5 Be2 33. Kf2 Bd3 34. Re5 Bb1 35. a3 Rd8 36. Re2 Bd3 37. Rd2 Rd6 38. Ng4 h5 39. Ne5 Kg7 40. Nxd3 cxd3 41. Ke3 Kh6 42. Rxd3 Rb6 43. Rd2 h4 44. Kf2 Kh5 45. Rd5+ g5 46. Rd2 Rb5 47. g4+ hxg3+ 48. Kxg3 b6 49. Rh2 Re5 50. h4 gxh4+ 51. Rxh4+ Kg5 52. Re4 Rb5 53. Rb4 Kh5 54. Rxb5+ axb5 55. Kf4 Kg6 56. Ke5 Kf7 57. Kd6 Kf6 58. Kc6 Kf5 59. Kxb6 Kf4 60. Kxb5 Kxf3 61. a4 1-0

[Event "RSA-ch U14 Girls"]
[Site "Waterkloof"]
[Date "2015.04.04"]
[Round "1"]
[White "Viljoen, Anja"]
[Black "Wolmarans, Riekie"]
[Result "0-1"]
[WhiteElo "1055"]
[BlackElo "1302"]
[PlyCount "94"]
[EventDate "2015.04.04"]
[EventType "swiss"]
[EventRounds "9"]
[EventCountry "RSA"]
[SourceTitle "CBM 166 Extra"]
[Source "ChessBase"]
[SourceDate "2015.06.18"]
[SourceVersion "1"]
[SourceVersionDate "2015.06.18"]
[SourceQuality "1"]

1. d4 d5 2. c4 e6 3. Nc3 c6 4. Nf3 f5 5. Bf4 Nf6 6. e3 g6 7. Bg5 Nbd7 8. cxd5 exd5 9. Ne5 Bd6 10. f4 Be7 11. Be2 0-0 12. 0-0 Re8 13. Qe1 Nxe5 14. fxe5 Ne4 15. Bxe7 Qxe7 16. Nxe4 dxe4 17. Bc4+ Be6 18. Bxe6+ Qxe6 19. Qb4 b6 20. Rfc1 Rac8 21. Qa4 Rc7 22. b4 Rec8 23. Rc3 c5 24. bxc5 bxc5 25. Rxc5 Rxc5 26. dxc5 Qxe5 27. Qxa7 Qxa1+ 28. Kf2 Qc3 29. Qd7 Qxc5 30. Qe6+ Kg7 31. Qd7+ Kh6 32. Qe6 Qc4 33. Qf6 Qxa2+ 34. Kg3 Qa3 35. Qh4+ Kg7 36. Qf4 Qc5 37. Kh3 h6 38. Qf2 Qe5 39. Qa2 f4 40. Qa7+ Rc7 41. exf4 Qc3+ 42. g3 Rxa7 43. Kg4 h5+ 44. Kh3 Ra2 45. f5 Qd2 46. Kh4 Kh6 47. fxg6 Qxh2# 0-1